|
|
|
|
| LEADER |
00738nam a22002052a 4500 |
| 001 |
001428166 |
| 003 |
CZ BrMZK |
| 005 |
20150330092907.0 |
| 007 |
ta |
| 008 |
141014s1956 ru er|||||||||||rus d |
| 040 |
|
|
|a BOA001
|b cze
|
| 100 |
1 |
|
|a Dychovičnyj, Vladimir Abramovič,
|d 1911-1963
|7 kup19980000024034
|4 aut
|
| 245 |
1 |
0 |
|a Stakan vody :
|b jumorističeskaja povest' /
|c Vladimir Abramovič Dychovičnyj, Moris Romanovič Slobodskoj
|
| 260 |
|
|
|a Moskva :
|b Molodaja gvardija,
|c 1956
|
| 300 |
|
|
|a 230 s.
|
| 700 |
1 |
|
|a Slobodskoj, Moris Romanovič,
|d 1913-1991
|7 jx20130920009
|4 aut
|
| 910 |
|
|
|a BOA001
|b 2-0375.909
|
| 990 |
|
|
|a BK
|
| 991 |
|
|
|b 201410
|
| 996 |
7 |
|
|b 2619143049
|c 2-0375.909
|l MZK
|r Sklad / do 24 hodin
|n 0
|w 001463161
|u 000010
|a 1
|e BOA001
|j MZK50
|s A
|